| 000 | 00831nam a22002655i 4500 | ||
|---|---|---|---|
| 001 | 176930 | ||
| 003 | ES-MaACL | ||
| 005 | 20230906220220.0 | ||
| 008 | 110218s2008 ag |||| | spa d | ||
| 020 | _a978-987-9145-20-3 | ||
| 080 | _a32(82) | ||
| 080 | _a929 Basaldúa, Florencio de | ||
| 100 | 1 |
_aReggini, Horacio C. _995883 |
|
| 245 | 1 | 0 |
_aFlorencio de Basaldúa _b: un vasco argentino / _cHoracio C. Reggini. |
| 250 | _a1ª ed. | ||
| 260 |
_aBuenos Aires : _bAcademia Nacional de Educación, _c2008. |
||
| 300 |
_a254 p. : _bil. bl. y n. ; _c21 cm. |
||
| 490 | 1 |
_aEstudios ; _v22 |
|
| 500 | _aÍndice. | ||
| 504 | _aIncluye referencias bibliográficas. | ||
| 600 | 1 | 4 |
_aBasaldúa, Florencio de- _vBiografías. _9145280 |
| 830 | 0 |
_aEstudios ; _v22 _9177349 |
|
| 852 |
_aES-MaACL _jE-14364 |
||
| 999 |
_c176930 _d176930 |
||